Szczegóły MARC21

Ćwiczenia : nauka i zabawa /

005 -DATA I CZAS OSTATNIEJ MODYFIKACJI [,]
    • @
    • pole kontrolne
    • 20070315155141.9
020 -Międzynarod. znormalizowany nr książki - ISBN [ , ]
    • a
    • Numer ISBN
    • 8385159487 Find
040 -Instytucja sporządzająca opis [ , ]
    • a
    • Instytucja, która sporządziła opis (NP)
    • SZCZ U
    • c
    • Instytucja, która sporządziła rekord (NP)
    • SZCZ U
041 -Język dokumentu [0, ]
    • a
    • Język tekstu (P)
    • polski
    • h
    • Język tekstu oryginalnego i/lub pośredniego (P)
    • polski
942 -Rodzaj dokumentu [ , ]
    • c
    • Rodzaj dokumentu
    • Książka
245 -Strefa tytułu i oznaczenia odpowiedzialności [0, ]
    • a
    • Tytuł
    • Ćwiczenia : Find
    • b
    • Ciąg dalszy tytułu (NP)
    • nauka i zabawa / Find
260 -Strefa adresu wydawniczego [ , ]
    • a
    • Miejsce wydania (P)
    • Bielsko-Biała :
    • b
    • Nazwa wydawcy (P)
    • "Kleks",
    • c
    • Data wydania (P)
    • 1993.
300 -Strefa opisu fizycznego [ , ]
    • a
    • Określenie formy książki i/lub objętość (NP)
    • [32] s. :
    • b
    • Oznaczenie ilustracji (NP)
    • il. :
    • c
    • Format (NP)
    • 28 cm.
490 -Strefa serii i książki wielotomowej - forma nie do wyszukiwania [0, ]
    • a
    • Tytuł (P)
    • (Gotów do Szkoły. Seria dla Przedszkolaków Find
500 -Uwaga ogólna [ , ]
    • a
    • Uwaga ogólna (NP)
    • Dla dzieci w wieku 6-7 lat. - Tł. z flam.?
080 -Uniwersalna Klasyfikacja Dziesiętna [ , ]
    • a
    • Symbol klasyfikacji
    • 372.4(02.025.2)(076)
980 -Symbol UKD [ , ]
    • a
    • UKD
    • 372.4(02.025.2)(076)
920 -ISBN [ , ]
    • a
    • ISBN
    • 83-85159-48-7 Find
Numer inwentarzowy Status udost. Data inwentaryzacji Lokalizacja
Pd.831211995-09-14BG